The Bible, its origin, and nature. (Record no. 2083)

000 -LEADER
fixed length control field 00594nam a2200193 a 4500
001 - CONTROL NUMBER
control field :::00019064$&:&@@
003 - CONTROL NUMBER IDENTIFIER
control field OkBaRHE
005 - DATE AND TIME OF LATEST TRANSACTION
control field 20100327145034.0
008 - FIXED-LENGTH DATA ELEMENTS--GENERAL INFORMATION
fixed length control field s1905 j 000 0 eng u
020 ## - INTERNATIONAL STANDARD BOOK NUMBER
International Standard Book Number 083696876X
040 ## - CATALOGING SOURCE
Transcribing agency
100 1# - MAIN ENTRY--PERSONAL NAME
Personal name Dods, Marcus, 1834-1909.
245 14 - TITLE STATEMENT
Title The Bible, its origin, and nature.
260 ## - PUBLICATION, DISTRIBUTION, ETC. (IMPRINT)
Place of publication, distribution, etc Edinburgh
Name of publisher, distributor, etc T. & T. Clark
Date of publication, distribution, etc 1905
300 ## - PHYSICAL DESCRIPTION
Extent xiii, 245 p. ;
Dimensions 22 cm.
650 ## - SUBJECT ADDED ENTRY--TOPICAL TERM
Topical term or geographic name as entry element Bible
General subdivision Criticism, Interpretation, etc
942 ## - ADDED ENTRY ELEMENTS (KOHA)
Source of classification or shelving scheme
Koha item type Books
Copies
Date last seen Lost status Koha item type Barcode Shelving location Full call number Copy number Date acquired Price effective from Permanent Location Withdrawn status Not for loan Collection code Source of classification or shelving scheme Damaged status
2010-04-14 Books19064General StacksBS 511 .D5812010-04-142010-04-14RHEMA Bible Training College  Reference